000 00377nam a2200169Ia 4500
003 IT-RoPAU
008 120407s9999 xx 000 0 und d
040 _aIT-RoPAU
040 _cIT-RoPAU
100 _aReginaldo Garrigou
245 _aL'altra vita e la profondità dell'anima
260 _aLa Scuola
300 _c cm
490 _v1
700 _aLagrange
942 _cBK
999 _c7265
_d7265